000 00316nam a2200109Ia 4500
008 171211s9999 xx 000 0 und d
245 _aRedefining Kitsch and Camp in Literature and Culture
245 _cJustyna Ste[ien
260 _c2014
650 _xCULTURE
856 _uhttp://down.ebook777.com/063/1443862215.pdf
999 _c347788
_d347788